Odgadnij imperium po obrazkach - Statystyki

Ogólne statystyki
  • Ten quiz został rozwiązany 32 razy
  • Średni wynik to 10 z 16
Statystyki odpowiedzi
Obrazkowy Odpowiedź % Poprawnych
Imperium mongolskie
96%
Imperium rzymskie
96%
Imperium hiszpanskie
84%
Imperium Japonskie
84%
Imperium brytyjskie
76%
Imperium rosyjskie
76%
Imperium macedonskie
68%
Imperium portugalskie
68%
Imperium osmanskie
64%
Imperium niemieckie
56%
Austro-wegry
44%
Dynastia Qing
36%
Rzeczpospolita
32%
Imperium kartaginskie
28%
Imperium morza polnocnego
24%
Krolestwo zulusow
20%
Nie znaleziono quizów pasujących do podanych kryteriów
Rozkład punktacji
Procent ludzi z każdym wynikiem
Percentyl według liczby udzielonych odpowiedzi
Twoja historia wyników
Nie rozwiązałeś tego quizu